|
|
|
|
| LEADER |
00000cam a2200000 a 4500 |
| 001 |
40452 |
| 005 |
20230308155058.0 |
| 008 |
972101|1971 ||||||||r|||||||||||spa|| |
| 040 |
|
|
|b spa
|
| 041 |
1 |
|
|a spa
|
| 082 |
0 |
|
|a 378
|
| 100 |
1 |
|
|a Morris, William H.
|9 9290
|
| 245 |
|
|
|a La enseñanza universitaria reforma de sus métodos
|c William H. Morris
|h imp
|
| 264 |
|
|
|a México
|b Pax
|c 1971
|
| 300 |
|
|
|a 209 páginas:
|c 21 cm
|
| 500 |
|
|
|a PDF, contiene índice, prólogo, prefacio e introducción
|
| 504 |
|
|
|a incl. ref.
|
| 650 |
|
|
|a Enseñanza universitaria
|9 9291
|
| 650 |
|
|
|a Reforma universitaria
|9 7820
|
| 852 |
|
|
|a UC-CDJBV
|c ESTANTERIA CERRADA
|f Compra
|k margarita.gutierrez
|l 1
|m General
|p 19721019
|q 40,00
|r 2
|t 40452
|b 0
|d CDRC
|e CDRC
|g 378 ESTANTERIA CERRADA
|u http://nas.ucuenca.edu.ec/BibliotecaDigital/ebooks/librosyrev/40452.pdf
|z 1972-21-01
|
| 856 |
|
|
|u http://nas.ucuenca.edu.ec/BibliotecaDigital/ebooks/librosyrev/40452.pdf
|
| 942 |
|
|
|c BK
|
| 999 |
|
|
|c 4347
|d 4347
|